000 00491nam a2200181 i 4500
001 23819
003 ES-MaACL
005 20240522063030.0
007 t|
008 021212s1894 it ||||1| ita d
100 0 _aDe Amicis, Edmondo,
_d1846-1908
_943032
245 1 0 _aConstantinopli /
_cdi Edmondo De Amicis.
250 _a26. ed.
260 _aMilano :
_bFratelli Treves,
_c1894.
300 _a578 p. ;
_c19 cm.
852 _aES-MaACL
_jF-8977
999 _c23819
_d23819